000 01712nam a22002417a 4500
001 2598
005 20240103165202.0
020 _a9780545438582
040 _aFISKH
_beng
_cFISKH
_dFISKH
050 _aE444.N87
082 _a306.3
100 _aFradin, Judith
_eCoauthor
245 _aStolen into slavery :
_bThe true story of Solomon Northup, Free Black Man /
_cby Judith Fradin and Dennis Fradin
250 _aFirst Scholastic printing, January 2012
260 _aWashington :
_bScholastic,
_c2012
300 _a119 pages :
_billustrations ;
_c20cm
505 _aZ
520 _aThe true story behind the acclaimed movie 12 Years a Slave, this book is based on the life of Solomon Northup, a free black man from New York who was captured in the United States and sold into slavery in Louisiana./> Solomon Northup awoke in the middle of the night with his body trembling. Slowly, he realized that he was handcuffed in a dark room and his feet were chained to the floor. He managed to slip his hand into his pocket to look for his free papers that proved he was one of 400,000 free blacks in a nation where 2.5 million other African Americans were slaves. They were gone. This remarkable story follows Northup through his 12 years of bondage as a man kidnapped into slavery, enduring the hardships of slave life in Louisiana. But the tale also has a remarkable ending. Northup is rescued from his master's cotton plantation in the deep South by friends in New York. This is a compelling tale that looks into a little known slice of history, sure to rivet young readers and adults alike.
521 _a1060
_bLexile
521 _aZ
_bRaz-Plus
700 _aFradin, Dennis
_eCoauthor
942 _2ddc
_cBK
_n0
999 _c2598
_d2598